Ways of the world's words (Record no. 109904)
[ view plain ]
| 000 -LEADER | |
|---|---|
| fixed length control field | 01405nam a2200349 a 4500 |
| 082 04 - DEWEY DECIMAL CLASSIFICATION NUMBER | |
| Classification number | 306.44 |
| 100 1# - MAIN ENTRY--AUTHOR NAME | |
| Personal name | Hoffmann, Zsuzsa. |
| 245 10 - TITLE STATEMENT | |
| Title | Ways of the world's words |
| 260 ## - PUBLICATION, DISTRIBUTION, ETC. (IMPRINT) | |
| Place of publication | Bern ; |
| -- | New York : |
| Name of publisher | Peter Lang, |
| Year of publication | c2011. |
| 300 ## - PHYSICAL DESCRIPTION | |
| Number of Pages | 334 p. : |
| Other physical details | ill. |
| 490 1# - SERIES STATEMENT | |
| Series statement | Linguistic insights : studies in language and communication ; |
| 650 #0 - SUBJECT ADDED ENTRY--TOPICAL TERM | |
| Topical Term | Languages in contact. |
| Topical Term | Sociolinguistics. |
| Topical Term | Language and languages |
| 856 40 - ELECTRONIC LOCATION AND ACCESS | |
| Uniform Resource Identifier | http://site.ebrary.com/lib/rucke/Doc?id=10599946 |
No items available.
